000 00514nam a2200193Ia 4500
005 20250326142831.0
008 250326s9999 xx 000 0 und d
020 _a0-631-18715-4
037 _aTextbook
040 _aFMSL
_beng
_cFMSL
041 _aeng
_2eng
084 _aX:51 N3
_qFMSL
100 _aEnnew C T
_9746690
245 0 _aMarketing blueprint
_cEnnew C T
260 _aOxford
_bOxford, Blackwell Business
_c1993
300 _a261p
942 _cTB
_hX:51 N3
999 _c1296851
_d1296851